书目信息 |
| 题名: |
最新C语言程序设计教程
|
|
| 作者: | 刘正林 , 周纯杰 编著 | |
| 分册: | ||
| 出版信息: | 武汉 华中科技大学出版社 2003.02 |
|
| 页数: | 320页 | |
| 开本: | 26cm | |
| 丛书名: | ||
| 单 册: | ||
| 中图分类: | TP312C | |
| 科图分类: | ||
| 主题词: | C语言--C yu yan--程序设计--教材 | |
| 电子资源: | ||
| ISBN: | 7-5609-2884-6 | |
| 000 | 01185nam0 2200241 450 | |
| 001 | 0137336312 | |
| 005 | 20060119092945.54 | |
| 010 | @a7-5609-2884-6@dCNY24.80 | |
| 100 | @a20060119d2003 km y0chiy0120 ea | |
| 101 | 0 | @achi |
| 102 | @aCN@b420000 | |
| 105 | @aa z 000yy | |
| 200 | 1 | @a最新C语言程序设计教程@Azui xin C yu yan cheng xu she ji jiao cheng@f刘正林, 周纯杰编著@Fliu zheng lin,zhou chun jie bian zhu |
| 210 | @a武汉@c华中科技大学出版社@d2003.02 | |
| 215 | @a320页@c图@d26cm | |
| 330 | @a本书以最新ANSI C++标准作为准则,以国内外广为流行的、美国Microsoft公司开发的Visual C++为语言蓝本,系统地讲授C++模块化语言的基础部分,即C语言作为最新ANSI C++内核的基本语法和程序设计方法扬弃了C语言老版本的一些非标准内容,按照“循序渐进,突出重点,深入浅出,融会贯通”的教学原则,编写成自成体系的 C语言教科书;每章都有小结,归纳出必须掌握的重点内容,并附有大量的习题,以加深读者对重点内容的理解。 | |
| 517 | 1 | @aC语言程序设计教程@AC yu yan cheng xu she ji jiao cheng |
| 606 | 0 | @aC语言@AC yu yan@x程序设计@x教材 |
| 690 | @aTP312C@v4 | |
| 701 | 0 | @a刘正林@Aliu zheng lin@4编著 |
| 701 | 0 | @a周纯杰@Azhou chun jie@4编著 |
| 801 | 0 | @aCN@bQSSK@c20060119 |
| 905 | @a10447@dTP312C@eL723 | |
| 最新C语言程序设计教程/刘正林, 周纯杰编著.-武汉:华中科技大学出版社,2003.02 |
| 320页:图;26cm |
| ISBN 7-5609-2884-6:CNY24.80 |
| 本书以最新ANSI C++标准作为准则,以国内外广为流行的、美国Microsoft公司开发的Visual C++为语言蓝本,系统地讲授C++模块化语言的基础部分,即C语言作为最新ANSI C++内核的基本语法和程序设计方法扬弃了C语言老版本的一些非标准内容,按照“循序渐进,突出重点,深入浅出,融会贯通”的教学原则,编写成自成体系的 C语言教科书;每章都有小结,归纳出必须掌握的重点内容,并附有大量的习题,以加深读者对重点内容的理解。 |
| ● |
| 相关链接 |
|
|
|
正题名:最新C语言程序设计教程
索取号:TP312C/L723
 
预约/预借
| 序号 | 登录号 | 条形码 | 馆藏地/架位号 | 状态 | 备注 |
| 1 | 579606 | 205796067 | 自科库301/301自科库 54排4列2层/ [索取号:TP312C/L723] | 在馆 | |
| 2 | 579607 | 205796076 | 自科二线504/504自科库 15排2列5层/ [索取号:TP312C/L723] | 在馆 | |
| 3 | 579608 | 205796085 | 期刊室512/301自科库 45排6列4层/ [索取号:TP312C/L723] | 在馆 |